| 000 | 00547nam a2200205Ia 4500 | ||
|---|---|---|---|
| 005 | 20260429111844.0 | ||
| 008 | 260429s9999||||xx |||||||||||||| ||und|| | ||
| 020 | _a9788177541496 | ||
| 041 | _aEnglish | ||
| 082 |
_a660.62 _bPRE |
||
| 100 | _aPrescott, Samuel Cate | ||
| 245 | 0 |
_aIndustrial microbiology / _cSamuel Cate Prescott |
|
| 250 | _a1st ed. | ||
| 260 |
_aJodhpur : _bAgrobios, _c2016. |
||
| 300 | _ax, 923 p.; hb | ||
| 650 | _a Industrial microbiology | ||
| 650 | _aBiotechnology | ||
| 700 | _a Dunn, Cecil Gordon | ||
| 942 | _cTB | ||
| 999 |
_c51154 _d51154 |
||